Score 0/26 Timer 04:00
0 Plays Today
Movie Star w/o PERSON Actual Name % Correct
Tm HakTom Hanks
93.1%
Ml GibMel Gibson
92.2%
ada BullckSandra Bullock
91.2%
Jh TavltaJohn Travolta
91.1%
Whi GldbgWhoopi Goldberg
90.6%
Hath LdgHeath Ledger
90.5%
Tm CuiTom Cruise
90%
Clak GablClark Gable
83.8%
Gac KllyGrace Kelly
82.1%
Chaliz ThCharlize Theron
81.2%
Hall ByHalle Berry
73.4%
Btt DaviBette Davis
72.8%
Gg ClyGeorge Clooney
71.4%
Movie Star w/o PERSON Actual Name % Correct
Kvi acyKevin Spacey
68.2%
Jh WayJohn Wayne
67.6%
Jam CagyJames Cagney
60.1%
Maily MMarilyn Monroe
56.4%
Ggy ckGregory Peck
55.5%
aul wmaPaul Newman
55.1%
Kat WiltKate Winslet
51.7%
Myl tMeryl Streep
45.9%
ylvt tallSylvester Stallone
45.2%
Lauc liviLaurence Olivier
43.6%
lad BlmOrlando Bloom
37.6%
ull CwRussell Crowe
25.7%
bt D iRobert De Niro
22.8%

You're not logged in!

Compare scores with friends on all Sporcle quizzes.
OR
Log In

Sporcle TV

Today on Sporcle TV


Watch our educational content, quiz creation guides, and fun videos on Sporcle TV.

Show Comments

Extras

Top Quizzes Today


Score Distribution

Paid Content

Your Account Isn't Verified!

In order to create a playlist on Sporcle, you need to verify the email address you used during registration. Go to your Sporcle Settings to finish the process.

Report this User

Report this user for behavior that violates our Community Guidelines.

Details: